000 00249nam a2200109Ia 4500
008 230917s9999||||xx |||||||||||||| ||und||
040 _e192216
_aMAIN
041 _aEnglish
100 _aKapoor, Jainarain
245 0 _aThree musketeers
942 _cBK
999 _c208716
_d208716